Analysis of Swedish Socio-Economic Model in the Context of International Development
Analýza sociálno-ekonomického rozvoja Švédska. Zhodnotenie rizík tohoto vývoja v kontexte medzinárodného rozvoja a návrh preventívnych opatrení na ich zníženie.
Salvato in:
| Autore principale: | |
|---|---|
| Natura: | Capitolo di libro |
| Lingua: | inglese |
| Soggetti: | |
| Tags: |
Nessun Tag, puoi essere il primo ad aggiungerne!!
|
MARC
| LEADER | 00000naa$a2200000$$$4500 | ||
|---|---|---|---|
| 001 | 0254445 | ||
| 005 | 20240502083727.0 | ||
| 041 | 0 | |a eng | |
| 044 | |a CZ | ||
| 245 | 1 | 0 | |a Analysis of Swedish Socio-Economic Model in the Context of International Development |c Martin Horváth |
| 520 | |a Analýza sociálno-ekonomického rozvoja Švédska. Zhodnotenie rizík tohoto vývoja v kontexte medzinárodného rozvoja a návrh preventívnych opatrení na ich zníženie. | ||
| 610 | 2 | 0 | |a Švédsko |
| 610 | 2 | 0 | |a rozvoj sociálno-ekonomický |
| 610 | 2 | 0 | |a správanie spotrebiteľa |
| 610 | 2 | 0 | |a správanie sociálne |
| 610 | 2 | 0 | |a inflácia |
| 100 | 1 | |a Horváth, Martin | |